| 000 | 00358pab a2200145 454500 | ||
|---|---|---|---|
| 008 | 180718b1995 xxu||||| |||| 00| 0 eng d | ||
| 100 | _aSrivastava, L.C. | ||
| 245 | _aLand reforms management in Rajasthan | ||
| 260 | _c1995 | ||
| 300 | _ap.1-4 | ||
| 362 | _aJan-Jun | ||
| 650 | _aLand tenure - India - Rajasthan | ||
| 773 | _aPrashasnika | ||
| 909 | _a29939 | ||
| 999 |
_c29939 _d29939 |
||